[Event "Prague Summer op-A 8th"]
[Site "Prague"]
[Date "2021.08.09"]
[Round "5"]
[White "Novotny, David"]
[Black "Djidjeli, Sofiane"]
[Result "1/2-1/2"]
[WhiteElo "1923"]
[BlackElo "2223"]
[PlyCount "62"]
[EventDate "2021.08.06"]
[EventType "swiss"]
[EventRounds "9"]
[EventCountry "CZE"]
[SourceTitle "CBM 203 Extra"]
[Source "ChessBase"]
[SourceDate "2021.09.30"]
[SourceVersion "1"]
[SourceVersionDate "2021.09.30"]
[SourceQuality "1"]

1. e4 c6 2. d4 d5 3. e5 c5 4. c3 Nc6 5. Nf3 Bg4 6. Nbd2 e6 7. Be2 Bxf3 8. Nxf3 cxd4 9. cxd4 Bb4+ 10. Bd2 Qa5 11. Bxb4 Qxb4+ 12. Qd2 Qxd2+ 13. Kxd2 Nge7 14. Bb5 0-0 15. Bxc6 Nxc6 16. Rac1 f6 17. Ke3 Rac8 18. exf6 gxf6 19. Rhd1 Rfd8 20. Nh4 Rd7 21. f4 Rdc7 22. Rc3 e5 23. Nf5 Nxd4 24. Ne7+ Rxe7 25. Rxc8+ Kg7 26. fxe5 fxe5 27. Rxd4 exd4+ 28. Kxd4 Re2 29. Rc7+ Kg6 30. Rxb7 Rxg2 31. h3 Rd2+ 1/2-1/2

[Event "Prague Summer op-A 8th"]
[Site "Prague"]
[Date "2021.08.07"]
[Round "2"]
[White "Laurincova, Kristyna"]
[Black "Djidjeli, Sofiane"]
[Result "0-1"]
[WhiteElo "2015"]
[BlackElo "2223"]
[PlyCount "120"]
[EventDate "2021.08.06"]
[EventType "swiss"]
[EventRounds "9"]
[EventCountry "CZE"]
[SourceTitle "CBM 203 Extra"]
[Source "ChessBase"]
[SourceDate "2021.09.30"]
[SourceVersion "1"]
[SourceVersionDate "2021.09.30"]
[SourceQuality "1"]

1. e4 c5 2. Nf3 Nc6 3. d4 cxd4 4. Nxd4 e5 5. Nb5 d6 6. N1c3 a6 7. Na3 Be6 8. Nc4 Rb8 9. g3 h5 10. Ne3 h4 11. Bg2 h3 12. Bf3 Nf6 13. Ncd5 Nd4 14. c3 Nxf3+ 15. Qxf3 Nxd5 16. Nxd5 Bxd5 17. exd5 g6 18. 0-0 f5 19. c4 Qc7 20. b3 b5 21. Bb2 Bh6 22. Qe2 bxc4 23. bxc4 Rc8 24. Ba3 0-0 25. Rfb1 e4 26. c5 Bg7 27. cxd6 Qd7 28. Bb2 Qxd6 29. Bxg7 Kxg7 30. Rb7+ Rf7 31. Qb2+ Kg8 32. Rb6 Qxd5 33. Rxg6+ Kh7 34. Qb6 Qd2 35. Rc6 Rxc6 36. Qxc6 e3 37. fxe3 Qxe3+ 38. Kh1 Re7 39. Rg1 Re6 40. Qb7+ Kg6 41. g4 f4 42. Rf1 Qe4+ 43. Qxe4+ Rxe4 44. Kg1 Kg5 45. Kf2 Ra4 46. Ra1 Ra3 47. Ke2 f3+ 48. Kf2 Kxg4 49. Rg1+ Kf4 50. Ra1 a5 51. Kg1 a4 52. Kh1 Re3 53. Kg1 Re2 54. a3 Rg2+ 55. Kh1 Ke3 56. Rc1 Ra2 57. Re1+ Kf4 58. Rc1 Rxa3 59. Kg1 Ra2 60. Rc4+ Ke3 0-1

[Event "Avoine op 35th"]
[Site "Avoine"]
[Date "2021.07.18"]
[Round "3.10"]
[White "Budak, Rezan"]
[Black "Djidjeli, Sofiane"]
[Result "0-1"]
[WhiteElo "1891"]
[BlackElo "2213"]
[PlyCount "74"]
[EventDate "2021.07.18"]
[EventType "swiss"]
[EventRounds "9"]
[EventCountry "FRA"]
[SourceTitle "EXT 2023"]
[Source "ChessBase"]
[SourceDate "2022.10.05"]
[SourceVersion "1"]
[SourceVersionDate "2022.10.05"]
[SourceQuality "1"]

1. d4 d5 2. c4 e6 3. e3 Nf6 4. Nc3 c6 5. Nf3 Nbd7 6. Qb3 Bd6 7. Bd2 0-0 8. Bd3 dxc4 9. Bxc4 e5 10. Ng5 Qe7 11. 0-0-0 Nb6 12. Bd3 h6 13. Nge4 Nxe4 14. Bxe4 Be6 15. d5 cxd5 16. Nxd5 Qh4 17. Qd3 Rad8 18. g3 Qh5 19. Nc3 Bc4 20. Bh7+ Kh8 21. Qf5 Qxf5 22. Bxf5 Bb4 23. a3 Be7 24. Bc2 f5 25. f3 Nd7 26. Be1 Nc5 27. Rxd8 Bxd8 28. Na4 Nxa4 29. Bxa4 Bb6 30. Bf2 Bd5 31. Bd1 f4 32. gxf4 e4 33. fxe4 Bxe4 34. Re1 Rc8+ 35. Kd2 Bd8 36. Bg3 Bf6 37. Ba4 Bxb2 0-1

[Event "Avoine op 35th"]
[Site "Avoine"]
[Date "2021.07.18"]
[Round "5.8"]
[White "Dessenne, Francois"]
[Black "Djidjeli, Sofiane"]
[Result "0-1"]
[WhiteElo "2039"]
[BlackElo "2213"]
[PlyCount "52"]
[EventDate "2021.07.18"]
[EventType "swiss"]
[EventRounds "9"]
[EventCountry "FRA"]
[SourceTitle "EXT 2023"]
[Source "ChessBase"]
[SourceDate "2022.10.05"]
[SourceVersion "1"]
[SourceVersionDate "2022.10.05"]
[SourceQuality "1"]

1. Nf3 d5 2. c4 e6 3. d4 a6 4. g3 dxc4 5. Bg2 b5 6. 0-0 Bb7 7. b3 cxb3 8. Qxb3 Nf6 9. a4 Bd5 10. Qb2 b4 11. Bg5 Nbd7 12. Ne5 Bxg2 13. Kxg2 Nxe5 14. dxe5 Qd5+ 15. f3 Nd7 16. e4 Qxe5 17. Qc1 Qxa1 18. Qc6 Rb8 19. Rd1 Bd6 20. Rxd6 cxd6 21. Qxd6 Qa2+ 22. Nd2 f6 23. Be3 Rd8 24. Kh3 a5 25. f4 Nb8 26. Qc7 0-0 0-1

[Event "Avoine op 35th"]
[Site "Avoine"]
[Date "2021.07.18"]
[Round "8.4"]
[White "Djidjeli, Sofiane"]
[Black "Lamaze, Simon"]
[Result "0-1"]
[WhiteElo "2213"]
[BlackElo "2301"]
[PlyCount "246"]
[EventDate "2021.07.18"]
[EventType "swiss"]
[EventRounds "9"]
[EventCountry "FRA"]
[SourceTitle "EXT 2023"]
[Source "ChessBase"]
[SourceDate "2022.10.05"]
[SourceVersion "1"]
[SourceVersionDate "2022.10.05"]
[SourceQuality "1"]

1. e4 c5 2. Nf3 a6 3. c4 Nc6 4. Nc3 e5 5. d3 d6 6. Be2 Be7 7. 0-0 f5 8. exf5 Bxf5 9. Ne1 Nf6 10. f4 exf4 11. Bxf4 0-0 12. Nc2 Bg6 13. Bf3 Qd7 14. Bg3 Rae8 15. Rb1 Ne5 16. Bxe5 dxe5 17. Nd5 Bd6 18. Nce3 e4 19. Nxf6+ Rxf6 20. Bxe4 Bxe4 21. Rxf6 gxf6 22. dxe4 Rxe4 23. Qd5+ Qe6 24. Qxe6+ Rxe6 25. Nd5 Kf7 26. Rd1 Be5 27. b4 cxb4 28. Nxb4 Bd6 29. Nd5 Bc5+ 30. Kf1 b6 31. Nc7 Re4 32. Nxa6 Rf4+ 33. Ke1 Bg1 34. Ke2 Rf2+ 35. Kd3 Rxg2 36. Rd2 Rg5 37. Nc7 h5 38. Rb2 h4 39. Nd5 Re5 40. Rg2 Bc5 41. Rg4 Rh5 42. Rf4 f5 43. Rf1 h3 44. Rf3 Bd6 45. Nf4 Rh4 46. Nxh3 Kg6 47. Ng1 Rxh2 48. Ne2 Bc5 49. a4 Rh1 50. Nf4+ Kf6 51. Nd5+ Ke6 52. Rg3 Ke5 53. Rg6 Rh3+ 54. Ke2 Rb3 55. Rf6 Ke4 56. Re6+ Kd4 57. Rf6 Rb2+ 58. Kf3 Ke5 59. Rh6 Rf2+ 60. Kg3 Rb2 61. Kf3 Rf2+ 62. Kg3 f4+ 63. Kh3 Rf3+ 64. Kg4 Rg3+ 65. Kh4 Bf2 66. Rh5+ Ke4 67. Nf6+ Kf3 68. Rf5 Rg1+ 69. Kh5 Ra1 70. Nd5 Be3 71. Kg5 Ke4 72. Nc3+ Kd3 73. Nd5 Kxc4 74. Nxb6+ Bxb6 75. Rxf4+ Kb3 76. Kf5 Ba5 77. Kf6 Bb4 78. Rf3+ Bc3+ 79. Kf5 Kc4 80. Ke6 Re1+ 81. Kd7 Bd4 82. a5 Ra1 83. Rf5 Bc5 84. Ke6 Rxa5 85. Rf1 Ra6+ 86. Kd7 Bd4 87. Rf5 Kd3 88. Rh5 Ke4 89. Rb5 Be5 90. Rb1 Rd6+ 91. Ke7 Rc6 92. Kd7 Rh6 93. Rb5 Kf5 94. Rb1 Rh7+ 95. Kc6 Ke6 96. Rd1 Rh4 97. Rd3 Rc4+ 98. Kb5 Rc1 99. Rd2 Bd6 100. Rg2 Rc3 101. Rd2 Kd7 102. Rg2 Rc5+ 103. Ka4 Kc6 104. Kb3 Re5 105. Kc4 Re4+ 106. Kc3 Kd5 107. Rg8 Re3+ 108. Kd2 Bf4 109. Kc2 Ke4 110. Re8+ Be5 111. Kd2 Rb3 112. Rc8 Rb2+ 113. Rc2 Rb8 114. Ra2 Bd4 115. Kc2 Rb7 116. Kd2 Rb3 117. Ra8 Rb2+ 118. Kc1 Kd3 119. Rg8 Rb7 120. Rd8 Ra7 121. Rb8 Ra1+ 122. Rb1 Ra2 123. Rb8 Rh2 0-1

[Event "Barcelona IM-A 5th"]
[Site "Barcelona"]
[Date "2021.07.12"]
[Round "9"]
[White "Nottola, Adrien"]
[Black "Djidjeli, Sofiane"]
[Result "0-1"]
[WhiteElo "2162"]
[BlackElo "2213"]
[PlyCount "70"]
[EventDate "2021.07.06"]
[EventType "tourn"]
[EventRounds "9"]
[EventCountry "ESP"]
[EventCategory "2"]
[SourceTitle "CBM 203 Extra"]
[Source "ChessBase"]
[SourceDate "2021.09.30"]
[SourceVersion "1"]
[SourceVersionDate "2021.09.30"]
[SourceQuality "1"]

1. d4 d5 2. c4 c6 3. Nf3 Nf6 4. g3 g6 5. Bg2 Bg7 6. 0-0 0-0 7. Qa4 Nbd7 8. cxd5 Nb6 9. Qb3 Qxd5 10. Qd1 Qh5 11. Nc3 Bh3 12. Bxh3 Qxh3 13. Ng5 Qd7 14. Qd3 h6 15. Nf3 Qh3 16. Bf4 Rad8 17. Bc7 Rd7 18. Bxb6 axb6 19. Qc4 b5 20. Qb4 Ng4 21. Rad1 Rd6 22. d5 Rf6 23. Rd4 c5 24. Qxc5 Rxf3 25. Rxg4 Rxc3 26. bxc3 Qxg4 27. Qxe7 Qc8 28. Rb1 Re8 29. Qb4 Rxe2 30. Qxb5 Rxa2 31. Re1 Qf5 32. Re8+ Kh7 33. Qc5 Qf3 34. Re1 Bxc3 35. Rc1 Rd2 0-1

[Event "Barcelona IM-A 5th"]
[Site "Barcelona"]
[Date "2021.07.11"]
[Round "7"]
[White "Djidjeli, Sofiane"]
[Black "Benedetti, Julio"]
[Result "1-0"]
[WhiteElo "2213"]
[BlackElo "2290"]
[PlyCount "81"]
[EventDate "2021.07.06"]
[EventType "tourn"]
[EventRounds "9"]
[EventCountry "ESP"]
[EventCategory "2"]
[SourceTitle "CBM 203 Extra"]
[Source "ChessBase"]
[SourceDate "2021.09.30"]
[SourceVersion "1"]
[SourceVersionDate "2021.09.30"]
[SourceQuality "1"]

1. e4 c5 2. Nf3 Nc6 3. Bb5 g6 4. c3 Bg7 5. d4 Qb6 6. Qe2 cxd4 7. 0-0 Nf6 8. cxd4 d5 9. e5 Ne4 10. Rd1 0-0 11. Nc3 Nxc3 12. bxc3 Bg4 13. Rb1 Rfd8 14. Bd3 Qc7 15. h3 Bxf3 16. Qxf3 a6 17. h4 b5 18. h5 b4 19. e6 f5 20. hxg6 hxg6 21. Bf4 Qc8 22. Re1 Rf8 23. Qg3 Rf6 24. c4 Qd8 25. Be5 Nxe5 26. dxe5 Rxe6 27. cxd5 Qxd5 28. Bc2 Kf8 29. Bb3 Qc6 30. Rbc1 Qb6 31. Bxe6 Qxe6 32. Qf3 Rb8 33. Rc6 Qxa2 34. Rxg6 e6 35. Qe3 Rb5 36. Rc1 Bxe5 37. Qh6+ Ke7 38. Qh7+ Kd6 39. Qc7+ Kd5 40. Qc6+ Kd4 41. Rd1+ 1-0

[Event "Barcelona IM-A 5th"]
[Site "Barcelona"]
[Date "2021.07.11"]
[Round "8"]
[White "Djidjeli, Sofiane"]
[Black "Lucas, Arthur"]
[Result "1-0"]
[WhiteElo "2213"]
[BlackElo "2299"]
[PlyCount "113"]
[EventDate "2021.07.06"]
[EventType "tourn"]
[EventRounds "9"]
[EventCountry "ESP"]
[EventCategory "2"]
[SourceTitle "CBM 203 Extra"]
[Source "ChessBase"]
[SourceDate "2021.09.30"]
[SourceVersion "1"]
[SourceVersionDate "2021.09.30"]
[SourceQuality "1"]

1. e4 c5 2. Nf3 Nc6 3. Bb5 g6 4. c3 Nf6 5. Qe2 Bg7 6. 0-0 0-0 7. d4 cxd4 8. cxd4 d5 9. e5 Ne4 10. Rd1 f6 11. Nc3 Nxc3 12. bxc3 Bg4 13. Bxc6 bxc6 14. e6 Qd6 15. Re1 g5 16. a4 Rab8 17. Ba3 Qc7 18. Qe3 Rb7 19. Nd2 Bf5 20. a5 Bg6 21. Bb4 h6 22. Nb3 f5 23. f4 gxf4 24. Qf3 Bf6 25. Rad1 Kh7 26. Nc5 Rb5 27. Nd7 Rg8 28. Nxf6+ exf6 29. Rf1 Re8 30. Rde1 Kg7 31. Qh3 Kh7 32. Qh4 Qg7 33. Qxf4 Rg8 34. Rf3 Rbb8 35. e7 Rbe8 36. Rg3 Qf7 37. Ree3 a6 38. Rh3 Bh5 39. Qxf5+ Bg6 40. Qf4 Bh5 41. Reg3 Rg5 42. Rxg5 fxg5 43. Qxf7+ Bxf7 44. Rf3 Kg6 45. Rf2 Be6 46. Bd6 Bf5 47. Kf1 h5 48. Ke2 Kf6 49. Ke3 Ke6 50. Bb4 Bg6 51. Rf8 Bf7 52. h4 gxh4 53. Kf4 Kf6 54. Bc5 Kg7 55. Ke5 Kg6 56. Kd6 Kf6 57. Kd7 1-0

[Event "Barcelona IM-A 5th"]
[Site "Barcelona"]
[Date "2021.07.09"]
[Round "5"]
[White "Djidjeli, Sofiane"]
[Black "Gavarrete, Nahun"]
[Result "1/2-1/2"]
[WhiteElo "2213"]
[BlackElo "2379"]
[PlyCount "119"]
[EventDate "2021.07.06"]
[EventType "tourn"]
[EventRounds "9"]
[EventCountry "ESP"]
[EventCategory "2"]
[SourceTitle "CBM 203 Extra"]
[Source "ChessBase"]
[SourceDate "2021.09.30"]
[SourceVersion "1"]
[SourceVersionDate "2021.09.30"]
[SourceQuality "1"]

1. e4 c5 2. Nf3 d6 3. Bb5+ Nd7 4. d4 cxd4 5. Qxd4 e5 6. Qe3 Ngf6 7. 0-0 Be7 8. Rd1 0-0 9. Nc3 Qc7 10. Bxd7 Bxd7 11. Qd3 h6 12. Nh4 Rfc8 13. Nf5 Bxf5 14. exf5 d5 15. Nxd5 Nxd5 16. Qxd5 Qxc2 17. Rf1 Qxf5 18. Qxb7 Bc5 19. Be3 Rab8 20. Qd5 Bxe3 21. fxe3 Qh5 22. Rf2 Rd8 23. Qf3 Qg6 24. Raf1 Rd7 25. b3 Rc8 26. Qh3 Rcc7 27. Qf3 Rd3 28. Qa8+ Kh7 29. Qf3 f6 30. h3 Rdc3 31. Re2 Rd7 32. Qf5 Qxf5 33. Rxf5 Kg6 34. Rf1 Rdd3 35. Kf2 Kf5 36. Kf3 Ke6 37. g4 Kd5 38. h4 g6 39. Kg2 Rc6 40. Ref2 f5 41. gxf5 gxf5 42. Rxf5 Rxe3 43. Rf6 Re2+ 44. Kg3 Rc3+ 45. R1f3 Rxf3+ 46. Kxf3 Rxa2 47. Rxh6 Rb2 48. Kg4 Rxb3 49. Ra6 Rb7 50. Kf5 Rf7+ 51. Kg6 Rc7 52. h5 e4 53. Ra5+ Kd4 54. Ra4+ Kd3 55. Ra3+ Kd2 56. Ra2+ Kd3 57. Ra3+ Kd4 58. Ra4+ Kd3 59. Ra3+ Kd4 60. Ra5 1/2-1/2

[Event "FRA-ch Blitz Online Qual"]
[Site "Europe Echecs INT"]
[Date "2020.05.16"]
[Round "13"]
[White "Djidjeli, Sofiane"]
[Black "Szajbely, Zsigmond"]
[Result "1-0"]
[WhiteElo "2209"]
[BlackElo "2260"]
[PlyCount "71"]
[EventDate "2020.05.16"]
[EventType "swiss (blitz)"]
[EventRounds "15"]
[EventCountry "FRA"]
[SourceTitle "CBM 196 Extra"]
[Source "ChessBase"]
[SourceDate "2020.07.31"]
[SourceVersion "1"]
[SourceVersionDate "2020.07.31"]
[SourceQuality "1"]

1. e4 c5 2. Nf3 d6 3. d4 cxd4 4. Nxd4 Nf6 5. f3 e6 6. c4 Be7 7. Nc3 0-0 8. Be3 Nc6 9. Be2 d5 10. Nxc6 bxc6 11. cxd5 exd5 12. exd5 Nxd5 13. Nxd5 cxd5 14. 0-0 Bf6 15. Bd4 Rb8 16. b3 Be6 17. Rf2 Rb4 18. Bc5 Rb7 19. Bxf8 Bxa1 20. Qxa1 Qxf8 21. Qd4 Qa3 22. Bd3 Rc7 23. g4 h6 24. Kg2 Qc1 25. Re2 Rc3 26. h4 a5 27. g5 hxg5 28. hxg5 Qxg5+ 29. Kf2 Rc1 30. Qg4 Qh6 31. Qg3 g6 32. f4 Qh1 33. Rxe6 fxe6 34. Qxg6+ Kf8 35. Qf6+ Ke8 36. Bb5+ 1-0

[Event "FRA-ch Blitz Online Qual"]
[Site "Europe Echecs INT"]
[Date "2020.05.16"]
[Round "9"]
[White "Djidjeli, Sofiane"]
[Black "Vallee, Louis"]
[Result "1-0"]
[WhiteElo "2209"]
[BlackElo "1864"]
[PlyCount "99"]
[EventDate "2020.05.16"]
[EventType "swiss (blitz)"]
[EventRounds "15"]
[EventCountry "FRA"]
[SourceTitle "CBM 196 Extra"]
[Source "ChessBase"]
[SourceDate "2020.07.31"]
[SourceVersion "1"]
[SourceVersionDate "2020.07.31"]
[SourceQuality "1"]

1. e4 e5 2. Nf3 Nc6 3. d4 exd4 4. Nxd4 Nf6 5. Nc3 Bb4 6. Nxc6 bxc6 7. Bd3 0-0 8. 0-0 d5 9. exd5 cxd5 10. Qf3 Bb7 11. Bg5 Re8 12. a3 Be7 13. Rad1 h6 14. Bxf6 Bxf6 15. Rfe1 Rxe1+ 16. Rxe1 Qd7 17. h3 Re8 18. Rxe8+ Qxe8 19. Qf5 Qe1+ 20. Kh2 Qe5+ 21. f4 Qxf5 22. Bxf5 g6 23. Bd3 Kf8 24. Kg3 Ke7 25. Kf3 d4+ 26. Ne4 Bg7 27. Kf2 Bxe4 28. Bxe4 d3 29. Bxd3 Bxb2 30. a4 Kd6 31. Kf3 Bg7 32. g4 Kd5 33. Bb5 a5 34. Be8 Ke6 35. Ke3 Ke7 36. Bb5 Kd6 37. Ke4 Bb2 38. Bc4 f6 39. Bf7 g5 40. fxg5 fxg5 41. Kf5 Ke7 42. Bc4 Kf8 43. Ke6 Ba3 44. Bd3 Kg7 45. Be4 Bd6 46. c4 Bb4 47. Kd5 Kf6 48. Kc6 Bd6 49. Kb5 Ke5 50. Bd5 1-0

[Event "FRA-ch Blitz Online Qual"]
[Site "Europe Echecs INT"]
[Date "2020.05.16"]
[Round "6"]
[White "Fantinel, Thibault"]
[Black "Djidjeli, Sofiane"]
[Result "1/2-1/2"]
[WhiteElo "2375"]
[BlackElo "2209"]
[PlyCount "183"]
[EventDate "2020.05.16"]
[EventType "swiss (blitz)"]
[EventRounds "15"]
[EventCountry "FRA"]
[SourceTitle "CBM 196 Extra"]
[Source "ChessBase"]
[SourceDate "2020.07.31"]
[SourceVersion "1"]
[SourceVersionDate "2020.07.31"]
[SourceQuality "1"]

1. e4 e5 2. Nf3 Nf6 3. Nc3 Bb4 4. Nxe5 0-0 5. Nd3 Bxc3 6. dxc3 Nxe4 7. Be2 d5 8. 0-0 c6 9. Be3 Nd7 10. Re1 Ndf6 11. Nf4 Re8 12. c4 dxc4 13. Bxc4 Qxd1 14. Raxd1 b5 15. Bb3 a5 16. a4 Ng5 17. Bd4 Be6 18. Nxe6 Nxe6 19. Bxf6 gxf6 20. Rd7 bxa4 21. Bxe6 Rxe6 22. Ra1 Rb8 23. g3 Rxb2 24. Rxa4 Rxc2 25. Rxa5 Ree2 26. Rf5 Kg7 27. Rd6 Re6 28. Rd7 Re5 29. Rf4 c5 30. Rc7 Rd5 31. Rc6 f5 32. Kg2 f6 33. Rc7+ Kg6 34. h4 Re5 35. Rf3 c4 36. Rf4 c3 37. Rf3 Ree2 38. Rc5 Re5 39. Rcxc3 Rxc3 40. Rxc3 Rd5 41. Rc7 Rd6 42. Rc4 Rd5 43. Rc3 Rd6 44. Kf3 Rd5 45. Ke3 Re5+ 46. Kf4 Re4+ 47. Kf3 Re5 48. Rc4 Rd5 49. Rc8 Rd3+ 50. Ke2 Ra3 51. Rg8+ Kf7 52. Rb8 Kg6 53. Rb5 Rc3 54. Kd2 Ra3 55. Ke2 Rc3 56. Kf1 Ra3 57. Kg2 Rc3 58. Rb4 Ra3 59. Rf4 Rc3 60. Rf3 Rc2 61. Kh3 Rc1 62. Re3 Rh1+ 63. Kg2 Rc1 64. Re7 Rc4 65. Re3 Rc1 66. f3 Rc2+ 67. Kh3 Rf2 68. g4 Rf1 69. Rb3 Rh1+ 70. Kg2 Rxh4 71. Kg3 Rh1 72. Rb5 fxg4 73. fxg4 Rg1+ 74. Kf4 Rf1+ 75. Kg3 Re1 76. Kf4 h6 77. Rc5 Rd1 78. Rb5 Rd4+ 79. Kg3 Rd6 80. Kf3 Re6 81. Kf4 Re1 82. Kf3 Re5 83. Rb6 Kg5 84. Rb8 Ra5 85. Rg8+ Kh4 86. Rg6 Ra3+ 87. Kf4 Ra4+ 88. Kf5 Ra5+ 89. Kxf6 Ra6+ 90. Kg7 Rxg6+ 91. Kxg6 Kxg4 92. Kxh6 1/2-1/2

[Event "FRA-ch Blitz Online Qual"]
[Site "Europe Echecs INT"]
[Date "2020.05.16"]
[Round "14"]
[White "Le Goff, Damien"]
[Black "Djidjeli, Sofiane"]
[Result "1/2-1/2"]
[WhiteElo "2281"]
[BlackElo "2209"]
[PlyCount "173"]
[EventDate "2020.05.16"]
[EventType "swiss (blitz)"]
[EventRounds "15"]
[EventCountry "FRA"]
[SourceTitle "CBM 196 Extra"]
[Source "ChessBase"]
[SourceDate "2020.07.31"]
[SourceVersion "1"]
[SourceVersionDate "2020.07.31"]
[SourceQuality "1"]

1. e4 e5 2. Nf3 Nf6 3. d4 Nxe4 4. Bd3 d5 5. Nxe5 Nd7 6. Nxd7 Bxd7 7. 0-0 Bd6 8. Nc3 Nxc3 9. bxc3 0-0 10. Qh5 f5 11. Rb1 b6 12. Bg5 Qe8 13. Qh4 Qg6 14. Bf4 h6 15. Rfe1 Rae8 16. Qg3 Qxg3 17. hxg3 Kf7 18. Rxe8 Rxe8 19. Bxd6 cxd6 20. c4 dxc4 21. Bxc4+ Kf6 22. Kf1 Rc8 23. Bd3 g5 24. Ke2 h5 25. Rh1 Rh8 26. f4 gxf4 27. gxf4 Bc6 28. Rh2 h4 29. c4 d5 30. Kd2 dxc4 31. Bxc4 Be4 32. a3 a5 33. Bd3 Bd5 34. Bf1 Be4 35. Rh3 Rd8 36. Ke3 Rc8 37. Rxh4 Rc3+ 38. Kf2 Ke6 39. Rh6+ Kd5 40. a4 Kxd4 41. Rxb6 Ra3 42. Bb5 Ra2+ 43. Be2 Rxa4 44. Rb2 Rb4 45. Ra2 a4 46. g4 fxg4 47. Bxg4 Bb1 48. Ra3 Ke4 49. Bd7 Bc2 50. f5 Ke5 51. Re3+ Kd6 52. Be8 Bxf5 53. Bxa4 Rxa4 54. Kg3 Be6 55. Re1 Ke7 56. Re5 Kf6 57. Rc5 Bf5 58. Kf2 Kg5 59. Ke3 Re4+ 60. Kd2 Kf4 61. Rc7 Re3 62. Rf7 Ra3 63. Ke2 Ra2+ 64. Kf1 Kg4 65. Ke1 Be4 66. Rf2 Ra3 67. Kd2 Rd3+ 68. Ke2 Rd8 69. Rf6 Bf5 70. Ke3 Re8+ 71. Kd4 Re4+ 72. Kd5 Kf4 73. Rh6 Re1 74. Kd4 Rd1+ 75. Kc4 Ke5 76. Rh5 Rc1+ 77. Kb5 Ke6 78. Kb4 Be4 79. Rh4 Kd5 80. Rh5+ Kd4 81. Rh4 Rb1+ 82. Ka4 Kd5 83. Ka3 Bd3 84. Rb4 Ra1+ 85. Kb2 Rb1+ 86. Kc3 Rxb4 87. Kxb4 1/2-1/2

[Event "Agneaux St Lo op 20th"]
[Site "Agneaux"]
[Date "2019.07.13"]
[Round "9.5"]
[White "Djidjeli, Sofiane"]
[Black "Vedmediuc, Serghei"]
[Result "0-1"]
[WhiteElo "2160"]
[BlackElo "2450"]
[PlyCount "72"]
[EventDate "2019.07.06"]
[EventType "swiss"]
[EventRounds "9"]
[EventCountry "FRA"]
[SourceTitle "EXT 2020"]
[Source "ChessBase"]
[SourceDate "2019.10.17"]
[SourceVersion "1"]
[SourceVersionDate "2019.10.17"]
[SourceQuality "1"]

1. e4 c5 2. Nf3 e6 3. b3 b6 4. Bb2 Bb7 5. Nc3 Nf6 6. e5 Nd5 7. Nxd5 Bxd5 8. c4 Bb7 9. Be2 Nc6 10. 0-0 Qc7 11. d4 cxd4 12. Nxd4 Qxe5 13. Nb5 Qxb2 14. Nc7+ Kd8 15. Nxa8 Bxa8 16. Bf3 Kc7 17. a3 Bd6 18. b4 Qd4 19. Qxd4 Nxd4 20. Bxa8 Rxa8 21. Rfd1 a5 22. Ra2 e5 23. Rdd2 axb4 24. axb4 Rxa2 25. Rxa2 Bxb4 26. Ra8 h6 27. Rg8 Ne6 28. Kf1 Bf8 29. g3 Kc6 30. Ke2 Kc5 31. Kd3 d5 32. cxd5 Kxd5 33. h4 b5 34. g4 b4 35. g5 h5 36. Rh8 g6 0-1

[Event "FRA-ch U18"]
[Site "Hyeres"]
[Date "2019.04.17"]
[Round "5"]
[White "Gao, Etienne"]
[Black "Djidjeli, Sofiane"]
[Result "1/2-1/2"]
[WhiteElo "2286"]
[BlackElo "2099"]
[PlyCount "56"]
[EventDate "2019.04.14"]
[EventType "swiss"]
[EventRounds "9"]
[EventCountry "FRA"]
[SourceTitle "CBM 190 Extra"]
[Source "ChessBase"]
[SourceDate "2019.07.15"]
[SourceVersion "1"]
[SourceVersionDate "2019.07.15"]
[SourceQuality "1"]

1. e4 e5 2. Nf3 Nf6 3. Nc3 Bb4 4. Bc4 d6 5. d3 0-0 6. Bg5 Be6 7. Bb3 Bxb3 8. axb3 h6 9. Bh4 Bxc3+ 10. bxc3 Nbd7 11. 0-0 Nc5 12. Re1 Re8 13. b4 Ncd7 14. Qd2 Nf8 15. Ra5 a6 16. Rea1 Rb8 17. b5 axb5 18. Rxb5 b6 19. Rb4 Ng6 20. Bg3 Ra8 21. Rba4 Rxa4 22. Rxa4 Qd7 23. Ra1 Qc6 24. c4 Ra8 25. Qc3 Rxa1+ 26. Qxa1 b5 27. Nd2 bxc4 28. Qc3 Nh5 1/2-1/2

[Event "Avoine op 33rd"]
[Site "Avoine"]
[Date "2018.07.28"]
[Round "8"]
[White "Devaure, Guillaume"]
[Black "Djidjeli, Sofiane"]
[Result "1/2-1/2"]
[WhiteElo "1933"]
[BlackElo "2130"]
[PlyCount "84"]
[EventDate "2018.07.21"]
[EventType "swiss"]
[EventRounds "9"]
[EventCountry "FRA"]
[SourceTitle "CBM 185 Extra"]
[Source "ChessBase"]
[SourceDate "2018.07.29"]
[SourceVersion "1"]
[SourceVersionDate "2018.07.29"]
[SourceQuality "1"]

1. e4 d6 2. Nc3 Nf6 3. f4 e5 4. Nf3 Nc6 5. Bb5 Bg4 6. d3 Be7 7. Bxc6+ bxc6 8. fxe5 dxe5 9. Be3 0-0 10. 0-0 Nd7 11. Qe1 f6 12. Na4 Rf7 13. Qc3 Nb6 14. Nxb6 cxb6 15. Qxc6 Rc8 16. Qa4 Bc5 17. Bxc5 Rxc5 18. Qb3 Qc8 19. Ng5 Bh5 20. Nxf7 Bxf7 21. c4 b5 22. Rac1 bxc4 23. dxc4 h6 24. Qe3 Rxc4 25. Rxc4 Qxc4 26. Rc1 Qxa2 27. Qa3 Qe6 28. Qxa7 Qg4 29. Qe3 Bg6 30. Re1 Qc8 31. b4 Qb7 32. Qb3+ Kh7 33. Qc4 Bf7 34. Qc5 Be8 35. Rc1 Bg6 36. b5 Bxe4 37. b6 Bxg2 38. Qc8 Qf3 39. Qc2+ f5 40. b7 Bh3 41. b8Q Qe3+ 42. Kh1 Qf3+ 1/2-1/2

[Event "Avoine op 33rd"]
[Site "Avoine"]
[Date "2018.07.27"]
[Round "7"]
[White "Djidjeli, Sofiane"]
[Black "Coiffait, Pierre Basile"]
[Result "0-1"]
[WhiteElo "2130"]
[BlackElo "2253"]
[PlyCount "120"]
[EventDate "2018.07.21"]
[EventType "swiss"]
[EventRounds "9"]
[EventCountry "FRA"]
[SourceTitle "CBM 185 Extra"]
[Source "ChessBase"]
[SourceDate "2018.07.29"]
[SourceVersion "1"]
[SourceVersionDate "2018.07.29"]
[SourceQuality "1"]

1. e4 e5 2. Nf3 Nc6 3. Nc3 Nf6 4. Be2 Bc5 5. Nxe5 Nxe5 6. d4 Bb4 7. dxe5 Nxe4 8. Qd4 Nxc3 9. bxc3 Be7 10. 0-0 0-0 11. Bf4 b6 12. Rad1 Bc5 13. Qa4 Qe7 14. Bg3 c6 15. Bg4 f5 16. exf6 Qxf6 17. Bxd7 Bxd7 18. Rxd7 Rae8 19. Qc4+ Kh8 20. Rd3 Bxf2+ 21. Kh1 Bxg3 22. Rdf3 Bf4 23. g3 Qe6 24. Qxe6 Rxe6 25. gxf4 Re2 26. R1f2 Re1+ 27. Rf1 Re2 28. R1f2 Re4 29. Rd3 Ra4 30. Rd7 Rxa2 31. h3 h6 32. Rg2 Rg8 33. f5 Ra1+ 34. Kh2 Rf1 35. Rxa7 Rxf5 36. Rc7 Rf6 37. h4 c5 38. Rb7 Kh7 39. Kg1 Rf4 40. Rxb6 Rxh4 41. Rc6 Rh5 42. Rc7 Rf5 43. c4 h5 44. Rd2 Re8 45. Rg2 Rg8 46. Rd2 Rg5+ 47. Rg2 Rxg2+ 48. Kxg2 Re8 49. Rxc5 Re2+ 50. Kg3 Kh6 51. Rc6+ g6 52. Rc8 Rxc2 53. c5 Kg5 54. c6 h4+ 55. Kf3 Rc3+ 56. Kf2 Kg4 57. c7 g5 58. Ke2 h3 59. Kd2 Rc6 60. Ke2 h2 0-1